000 00630nam a2200205Ia 4500
001 ist/63-31681
003 IT-MiCISF
008 161014s9999||||xx |||||||||||||| ||und||
040 _aIT-MiCISF
_cIT-MiCISF
041 _ait
100 _aAA.VV.
245 0 _aStatistiche giudiziarie penali
_bAnno 1998
250 _a1a ed.
260 _a Roma
_bIstat
_c2000
300 _app. 518
500 _aIstituto Nazionale di Statistica / devianza, statistica, devianza-minorile, tribunale-minorenni, carcere, tossicodipendenza, suicidio / documento
650 _aemarginazione-devianza
942 _cBK
957 _71
999 _a31681
_bsi
_g1
_c208882
_d208882